| 000 | 01500nam a2200313 a 4500 | ||
|---|---|---|---|
| 001 | BRL_949 | ||
| 005 | 20190320210952.0 | ||
| 008 | 281013s1994----mx-a######---#000-0#eng-# | ||
| 020 | _a0963692224 | ||
| 041 | _aengspa | ||
| 044 | _amx | ||
| 050 | 4 |
_aGR115.5.O29 _b.M97 1994 |
|
| 245 | 1 | 0 |
_aMyth & Magic Oaxaca _bOaxaca past and present, Palo Alto Cultural Center, Palo Alto, California, August 21-November 2, 1994 = Mito y magia : Oaxaca pasado y presente, Centro Cultural de Palo Alto, Palo Alto, California, 21 de agosto-2 de noviembre 1994. |
| 260 |
_aOaxaca, México : Palo Alto, California _bOaxaca de Juárez : Palo Alto Cultural Center _c1994 |
||
| 300 |
_a96 p. _bil. _c28 cm. |
||
| 500 | _aej.1 Au1022, ej.2 Au1851 | ||
| 500 | _aLa biblioteca cuenta con 2 ejemplares | ||
| 500 | _aLa exposición y catálogo fueron curados y organizados por Mary Jane Gagnier de Mendoza and Linda Craighead para la ciudad de Oaxaca de Juárez, Oaxaca, México, y el Centro Cultural de Palo Alto, Palo Alto, California | ||
| 650 | 1 | 4 |
_aCuentos _xExposiciones _zOaxaca (México) _925416 |
| 650 | 1 | 4 |
_aMitología _xExposiciones _zOaxaca (México) _925417 |
| 650 | 1 | 4 |
_aPintura mexicana _xExposiciones _zOaxaca (México) _925418 |
| 700 | 1 |
_aGagnier de Mendoza, Mary Jane _925419 |
|
| 700 | 1 |
_aCraighead, Linda _925420 |
|
| 710 | 2 |
_aPalo Alto Cultural Center _925421 |
|
| 710 | 2 |
_aOaxaca de Juárez (México) _925422 |
|
| 740 | 0 | _aMito y Magia : Oaxaca Pasado y Presente | |
| 902 | _aGRL | ||
| 942 |
_2lcc _cB |
||
| 999 |
_c9761 _d9761 |
||